000 00647nam a22001457a 4500
020 _a978-0-689-86568-8
082 _a823
_bKEE/N
100 _aKEENE, CAROLYN
245 _aNANCY DREW - FALSE NOTES
260 _aNEW YORK
_bALADDIN PAPERBACKS
_c2004
300 _a150
520 _aAnother un-cracked mystery to be solved by everyone's favourite sleuth – Nancy Drew. This time involving Heather Simmons, the most likely and liked candidate for the upcoming election for role of mayor of River Heights. Heather's daughter, Leslie, has mysteriously disappeared days before her music examination.
650 _aDETECTIVE
_zUNITED STATES
942 _cBK
999 _c7870
_d7870